| 000 | 00726nam a22002057a 4500 | ||
|---|---|---|---|
| 999 |
_c16455 _d16455 |
||
| 003 | AR-CdUCM | ||
| 008 | 190415b ||||| |||| 00| 0 spa d | ||
| 040 |
_aMUNICIPALIDAD PROVINCIAL DEL CUSCO _cBIBLIOTECA MUNICIPAL DEL CUSCO |
||
| 082 |
_a869.508 / _bV14 |
||
| 100 |
_aValcárcel , Luis Eduardo _9980 |
||
| 245 | _aTempestad en los Andes / | ||
| 260 |
_aLima : _bPopulibros Peruanos, |
||
| 300 |
_a155 paginas ; _c16 cm. |
||
| 505 | _aContenido :Yo denuncio --Tempestad en los Andes --Detrás de las montañas --La sierra trágica --Los nuevos indios --Ideario | ||
| 650 |
_aIndígenas del Perú _95715 |
||
| 650 |
_aEnsayos peruanos _9233 |
||
| 650 |
_aSiglo XX _98 |
||
| 942 |
_2ddc _cLIBROS |
||
| 945 |
_apjha _d2019-05-03 |
||